Scottish Landmarks to Map - Statistics

General Stats
  • This quiz has been taken 268 times
  • The average score is 15 of 30
Answers on the Map
Answers color-coded by a green-red scale on the quiz's map according to % correct below.
 
Answer Stats
Answer % Correct
Edinburgh Castle
81%
Ben Nevis
76%
Loch Lomond
76%
Loch Ness
76%
John O'Groats
67%
St Andrews Links
59%
Forth Rail Bridge
55%
Ben Macdui
54%
Glen Coe
49%
Stirling Castle
49%
St Kilda
49%
Skara Brae
48%
Dunfermline Abbey
47%
Kelvingrove Museum
47%
Cape Wrath
46%
Fairy Pools
46%
Kelpies, The
46%
Culloden Battlefield
45%
Eilean Donan Castle
44%
Lockerbie Garden
of Remembrance
43%
Callanish Stones
41%
Jedburgh Abbey
41%
New Lanark
41%
Scone Palace
41%
Fingal's Cave, Staffa
39%
Dunottar Castle
38%
Culzean Castle
36%
Old Man of Storr
35%
Lagavulin Distillery
34%
Jarlshof
33%
No matching quizzes found
Score Distribution
Percent of People with Each Score
Percentile by Number Answered
Your Score History
You have not taken this quiz